00400nam a2200157 a 450000100060000000300090000600800410001502000150005604000280007108200170009910000150011624500220013126000560015330000110020965000220022016095CO-ViMGA141112s2004 ck r 000 u spa d a8484610993 aCO-ViMGAbspacCO-ViMGA04a843.54 V657c1 aVoltaire, 10aCuentos escogidos aBarcelona (España) : bEdicomunicaciones s.a.2001 a317.p.14aCUENTOS FRANCESES